[Event "Las Palmas op"]
[Site "Las Palmas"]
[Date "1993.??.??"]
[Round "?"]
[White "Lezcano Jaen, Pedro"]
[Black "Gonzalez Perez, Lutgarda"]
[Result "1-0"]
[WhiteElo "2295"]
[BlackElo "2370"]

1.Nf3 d5 2.g3 Nf6 3.Bg2 c5 4.O-O Nc6 5.d3 Bg4 6.Nbd2 Qd7 7.Re1 Rd8 8.c3 e5
9.e4 dxe4 10.dxe4 Be7 11.Qe2 O-O 12.Nc4 Qc7 13.Ne3 Bc8 14.Nh4 Rfe8 15.Nef5 Bxf5
16.Nxf5 Bf8 17.Bg5 Ne7 18.Nh6+ gxh6 19.Bxf6 Rb8 20.f4 exf4 21.gxf4 Qxf4 22.Rf1 Qd6
23.h4 Qe6 24.Qf3 h5 25.Bh3 Qc6 26.Be5 Qg6+ 27.Kh1 Bg7 28.Bxb8 Rxb8 29.Rg1 Qc6
30.Qg3  1-0

[Event "Las Palmas-C"]
[Site "Las Palmas"]
[Date "1993.??.??"]
[Round "1"]
[White "Roos, Daniel"]
[Black "Perez, Pedro Tomas"]
[Result "1-0"]
[WhiteElo "2415"]
[BlackElo "2170"]

1.Nf3 d5 2.g3 c6 3.Bg2 Bg4 4.c4 e6 5.O-O Nd7 6.cxd5 exd5 7.d3 Bd6 8.Qb3 Qb6
9.Qc2 Ngf6 10.e4 O-O 11.Nc3 Ne5 12.Nxe5 Bxe5 13.Be3 Qd8 14.d4 Bc7 15.exd5 Nxd5
16.Nxd5 cxd5 17.Qb3 Be2 18.Rfc1 Bc4 19.Qc2 Bb6 20.Qf5 g6 21.Qf3 Qe7 22.h4 Rad8
23.a4 Bd3 24.a5 Bc7 25.Bh6 Be4 26.Rxc7 Bxf3  1-0

[Event "Las Palmas-C"]
[Site "Las Palmas"]
[Date "1993.??.??"]
[Round "2"]
[White "Giffard, Nicolas"]
[Black "Gonzalez Perez, Lutgarda"]
[Result "1-0"]
[WhiteElo "2380"]
[BlackElo "2370"]

1.Nf3 d5 2.g3 Nf6 3.Bg2 c6 4.O-O Bf5 5.d3 Nbd7 6.Nbd2 e6 7.e3 Be7 8.Qe2 e5
9.e4 dxe4 10.dxe4 Bg4 11.h3 Bh5 12.b3 Qc7 13.Bb2 O-O 14.a4 Rfe8 15.Nc4 Bf8
16.g4 Bg6 17.Ne1 Nc5 18.f3 Nfd7 19.Nd3 f6 20.Rfd1 Rad8 21.Bf1 Bf7 22.Nxc5 Nxc5
23.Kh1 Ne6 24.Ne3 Nd4 25.Qg2 g6 26.Bc4 Bxc4 27.Nxc4 Ne6 28.Qf1 Rxd1 29.Rxd1 Rd8
30.Ne3 Rxd1 31.Qxd1 Qd6 32.Qe2 Nf4 33.Qf1 Qd2 34.Bc1 Qe2 35.Qxe2 Nxe2 36.Bb2 Bc5
37.Nc4 Nf4 38.h4 Ne6 39.Kg2 Kf7 40.Na5 Nd8  1-0

[Event "Las Palmas-C"]
[Site "Las Palmas"]
[Date "1993.??.??"]
[Round "3"]
[White "Roos, Daniel"]
[Black "Sarmiento, Braulio Alfonso"]
[Result "0-1"]
[WhiteElo "2415"]
[BlackElo "2210"]

1.Nf3 d5 2.g3 c6 3.Bg2 Bg4 4.c4 e6 5.O-O Nd7 6.cxd5 exd5 7.d3 Ngf6 8.Qb3 Nc5
9.Qc2 Be7 10.b3 O-O 11.Bb2 Re8 12.Nbd2 Bf8 13.Rfe1 a5 14.a3 Bh5 15.Bc3 Ncd7
16.h3 Qb6 17.e3 h6 18.Nh4 g5 19.Nhf3 Bg6 20.Bf1 Bg7 21.Qb2 Qd8 22.Rad1 c5
23.d4 Ne4 24.Nxe4 dxe4 25.Ne5 Nxe5 26.dxe5 Qe7 27.e6 Bxc3 28.exf7+ Bxf7 29.Qxc3 b6
30.Qc2 Rad8 31.Bc4 Kg7 32.a4 Bh5 33.g4 Bg6 34.Rxd8 Rxd8 35.Rd1 Rd6 36.Rd5 Rxd5
37.Bxd5 Qe5 38.Qc4 Qa1+ 39.Kg2 Qe5 40.Bb7 Bf7 41.Qc2 Qe6 42.Bxe4 Qxb3 43.Qd2 Qxa4
44.Bf5 Qc6+ 45.e4 Qf6 46.Qd7 Qe5 47.Qb5 a4 48.Qxa4 c4 49.h4 gxh4 50.Qd7 b5
51.Qd8 b4 52.g5 b3 53.f4 Qb2+ 54.Kh3 Qc3+ 55.Kxh4 Qe1+ 56.Kh3 Qh1+ 57.Kg3 Qg1+
58.Kh3 Qf1+ 59.Kg3 Qd3+ 60.Qxd3 cxd3 61.e5 d2  0-1

[Event "Liechtenstein op"]
[Site "Liechtenstein"]
[Date "1993.??.??"]
[Round "5"]
[White "Hickl, Joerg"]
[Black "Skomorokhin, Roman"]
[Result "1-0"]
[WhiteElo "2570"]
[BlackElo "2460"]

1.g3 d5 2.Nf3 c6 3.Bg2 Bg4 4.b3 f6 5.h3 Bh5 6.O-O e5 7.d3 Bd6 8.e4 d4 9.c3 dxc3
10.Nxc3 Ne7 11.d4 Nd7 12.Bb2 O-O 13.Qd2 Qb8 14.Ne2 Rd8 15.Rad1 a5 16.Qc2 Qa7
17.dxe5 Nxe5 18.Nxe5 Bxe5 19.Bxe5 fxe5 20.Qc4+ Bf7 21.Qc3 Ng6 22.h4 Re8 23.Nc1 a4
24.b4 a3 25.Nb3 Qb6 26.Nc5 Nf8 27.Rd2 Qc7 28.Rc1 b6 29.Nb3 Ra4 30.Bf1 Qe7
31.Qxc6 Rxb4 32.Bc4 h6 33.Rd3 Kh7 34.Bd5 Bh5 35.Qc7 Bg4 36.Qxe7 Rxe7 37.f3 Be6
38.Rc6 Rd7 39.Kf2 Rb5 40.Ke3 Bxd5 41.exd5 Kg8 42.Nd2 Rb2 43.Nc4 Rxa2 44.Nxa3 Rg2
45.g4 Nh7 46.Rc8+ Kf7 47.Nc4 Ra7 48.Nxe5+ Kf6 49.Rc6+ Ke7 50.d6+ Kd8 51.Rdc3  1-0

[Event "Linares NL"]
[Site "Linares"]
[Date "1993.??.??"]
[Round "?"]
[White "Hergott, Deen"]
[Black "Garcia, Gildardo"]
[Result "1-0"]
[WhiteElo "2450"]
[BlackElo "2520"]

1.Nf3 d5 2.g3 Nf6 3.Bg2 e6 4.O-O Be7 5.d3 b6 6.Nbd2 Bb7 7.e4 c5 8.Re1 Qc7
9.e5 Nfd7 10.c3 Nc6 11.Nf1 O-O-O 12.d4 Kb8 13.Bf4 h6 14.g4 f5 15.gxf5 exf5
16.Ne3 Nxd4 17.cxd4 g5 18.Nxf5 Rhf8 19.Bg3 Rxf5 20.e6 Bd6 21.exd7 g4 22.Re8 Qxd7
23.Rxd8+ Qxd8 24.Nh4 Rg5 25.Qd3 Qf6 26.Re1 a6 27.Nf5 Rxf5 28.Bxd6+ Kc8 29.Re8+ Kd7
30.Rf8 c4 31.Qxf5+  1-0

[Event "Linares m"]
[Site "Linares"]
[Date "1993.??.??"]
[Round "7"]
[White "Ljubojevic, Ljubomir"]
[Black "Illescas Cordoba, Miguel"]
[Result "1/2-1/2"]
[WhiteElo "2595"]
[BlackElo "2625"]

1.Nf3 d5 2.g3 c6 3.Bg2 Bg4 4.d3 e6 5.Nbd2 Nd7 6.O-O Bd6 7.e4 Ne7 8.h3 Bh5
9.Re1 O-O 10.g4 Bg6 11.e5 Bc7 12.Nf1 c5 13.Bg5 Qe8 14.Bh4 Nc6 15.Bg3 Qb8
16.Qe2 a5 17.h4 f6 18.exf6 Nxf6 19.h5 Bf7 20.Ng5 Bxg3 21.fxg3 h6 22.Nxf7 Rxf7
23.c3 Re7 24.g5 hxg5 25.Qe3 Qd6 26.Qxg5 Rf8 27.Re2 Nh7 28.Qh4 Rf5 29.Rae1 Nf6
30.g4 Rf4 31.Nh2 e5 32.Qg3 Rf7 33.Rxe5 Nxe5 34.Qxf4 Nfxg4 35.Qg5 Re7 36.Nf1 d4
37.c4 Qf6 38.Qd2 Qh4 39.Bd5+ Kh8 40.Re2 Rf7 41.Qxa5 Rf8 42.Qe1 Qf6 43.Be4 Qf4
44.b3 b6 45.Rg2 Rf5 46.Rg3 Rxh5 47.Qd2 g5 48.Qxf4 gxf4 49.Rg2 Nf6 50.Nd2 Rh3
51.Rh2 Rxh2 52.Kxh2 Nxe4 53.dxe4 Kg7 54.Kg2 Kf6 55.a3 Nd3 56.Kf3 Ke5 57.Ke2 Nb2
58.Kf3 d3 59.Kg4 Nd1 60.b4 Nb2 61.bxc5 bxc5 62.Kf3 Na4 63.Nb3 Nc3 64.Nd2 Na4
65.Nb3 Nb2 66.Nd2 Kd4 67.Kxf4 Kc3 68.Nf3 Nxc4 69.e5 d2 70.Nxd2 Kxd2 71.e6 Kd3
72.e7 Nd6 73.Ke5 Ne8 74.a4 c4 75.a5 c3 76.a6 c2 77.a7 c1=Q 78.a8=Q Qg5+ 79.Ke6 Qg8+
80.Ke5 Qg5+ 81.Ke6 Nc7+ 82.Kd7 Nxa8 83.e8=Q Nb6+ 84.Kc6 Nc4 85.Qd7+ Kc3 86.Qe6 Qg2+
87.Kc7 Qg3+ 88.Kc6 Qf3+ 89.Kc7 Qf4+ 90.Kc6 Qf2 91.Kb7 Qd4 92.Qe1+ Kb3 93.Qe6 Qc5
94.Ka6 Ka3 95.Qf6 Qa5+ 96.Kb7 Qd5+ 97.Kc7 Kb4 98.Qf8+ Ka5 99.Qe7 Ka6 100.Qf6+ Kb5
101.Qg6 Qe5+ 102.Kd8 Kc5 103.Qg1+ Kc6 104.Qg6+ Nd6 105.Qc2+ Kd5 106.Qd3+ Kc5
107.Qa3+ Kb6 108.Qb3+ Ka7 109.Qa2+ Kb7 110.Qb1+ Nb5 111.Qh1+ Kb6 112.Qh6+ Nd6
113.Qe6 Qxe6  1/2-1/2

[Event "SWE-chA"]
[Site "Lindesberg"]
[Date "1993.??.??"]
[Round "?"]
[White "Vinke, Dietmar"]
[Black "Thorsteinsson, Thorsteinn"]
[Result "1/2-1/2"]
[WhiteElo "2275"]
[BlackElo "2300"]

1.Nf3 d5 2.g3 g6 3.Bg2 Bg7 4.O-O e6 5.d3 Ne7 6.Nbd2 c5 7.e4 Nbc6 8.exd5 exd5
9.d4 c4 10.c3 h6 11.Re1 Be6 12.Nf1 O-O 13.h4 Qd7 14.Ne3 Rad8 15.Bh1 Rfe8
16.Ng2 Bg4 17.Ne3 Be6 18.Ng2 Bg4 19.Ne3  1/2-1/2

[Event "Lisboa zt"]
[Site "Lisboa"]
[Date "1993.??.??"]
[Round "3"]
[White "Fernandes, Antonio"]
[Black "Silva, Fernando"]
[Result "1-0"]
[WhiteElo "2455"]
[BlackElo "2335"]

1.Nf3 d5 2.g3 c6 3.Bg2 Nf6 4.O-O Bg4 5.d3 e6 6.Nbd2 Be7 7.c3 O-O 8.Qc2 Nbd7
9.Re1 Bh5 10.h3 h6 11.Nf1 Re8 12.Bd2 a5 13.Rad1 Bg6 14.e4 dxe4 15.dxe4 Qb6
16.Bf4 Rad8 17.Ne5 Nxe5 18.Bxe5 Rxd1 19.Rxd1 Rd8 20.Nd2 Bc5 21.Kh2 Qa7 22.f4 Be7
23.Bd4 Bc5 24.Bxf6 gxf6 25.Nc4 Rxd1 26.Qxd1 Kg7 27.Qf3 b5 28.Nd2 Bg1+ 29.Kh1 Be3
30.Nf1 Bc1 31.f5 exf5 32.exf5 Bh7 33.b3 Qd7 34.g4 c5 35.Ng3 Bg5 36.Nh5+ Kh8
37.Qa8+ Bg8 38.Qf8  1-0

[Event "Ljubljana op"]
[Site "Ljubljana"]
[Date "1993.??.??"]
[Round "?"]
[White "Barle, Janez"]
[Black "Basagic, Zlatko"]
[Result "1/2-1/2"]
[WhiteElo "2435"]
[BlackElo "2415"]

1.Nf3 d5 2.g3 Nf6 3.Bg2 c6 4.O-O Bg4 5.c4 Nbd7 6.cxd5 cxd5 7.Nc3 e6 8.d3 Be7
9.Bf4 Bxf3 10.Bxf3 O-O 11.Rc1 a6 12.d4 b5 13.Qd3 Nb6 14.Nxb5 axb5 15.Bc7 Qe8
16.Bxb6 Rxa2 17.Bc5 Bxc5 18.Qb3 Ra4 19.Rxc5 Rxd4 20.e3 Ra4 21.Rxb5 Qa8 22.Rc1 h5
23.h4 Ng4 24.Bxg4 Rxg4 25.Qd1 Qa6 26.Qb3 Qd6 27.Rbc5 g6 28.Rc8 Rxg3+ 29.fxg3 Qxg3+
30.Kf1 Qf3+ 31.Kg1  1/2-1/2

[Event "London Lloyds"]
[Site "London"]
[Date "1993.??.??"]
[Round "4"]
[White "Fabiano, Giuseppe"]
[Black "Flear, Glenn C"]
[Result "0-1"]
[WhiteElo "2245"]
[BlackElo "2500"]

1.Nf3 d5 2.g3 c6 3.Bg2 Nf6 4.O-O Bf5 5.d3 e6 6.Nbd2 h6 7.b3 Be7 8.Bb2 O-O
9.c4 a5 10.Qe1 a4 11.e4 Bh7 12.Qe2 Na6 13.Ne5 a3 14.Bc1 dxe4 15.Nxe4 Qd4
16.Bf4 g5 17.Nf3 Qb2 18.Bd2 Nxe4 19.dxe4 Rad8 20.h3 Nc5 21.Qe1 Nxe4 22.Ba5 Rd3
23.Rb1 Qf6 24.Nh2 Qd4 25.Rd1 Nxf2 26.Nf3 Rxd1 27.Nxd4 Rxe1 28.Rxe1 Nd3  0-1

[Event "London Lloyds"]
[Site "London"]
[Date "1993.??.??"]
[Round "9"]
[White "Barle, Janez"]
[Black "Mitkov, Nikola"]
[Result "0-1"]
[WhiteElo "2435"]
[BlackElo "2495"]

1.Nf3 d5 2.g3 c6 3.Bg2 Bf5 4.O-O Nf6 5.d3 e6 6.c4 Be7 7.Be3 Qa5 8.cxd5 exd5
9.Nc3 O-O 10.a3 Qd8 11.Qb3 b5 12.Qc2 a5 13.Bd4 Qc8 14.e4 Bh3 15.Bxf6 Bxf6
16.exd5 Bxg2 17.Kxg2 Rd8 18.dxc6 Qxc6 19.Rfc1 Bg5 20.Rd1 Bf6 21.Qd2 Nd7 22.Ne4 Be7
23.Rac1 Qb7 24.Qf4 Ra6 25.Rc7 Qd5 26.Nc3 Qh5 27.Re1 Rf6 28.g4 Rxf4 29.gxh5 Bd6
30.Rc6 Bf8 31.Nxb5 h6 32.Nc3 Nf6 33.Re5 Rxd3 34.Re3 Rd8 35.h3 Nxh5 36.Re5 Nf6
37.Rxa5 Rd3 38.Ne5 Rd2 39.Rc8 Rdxf2+ 40.Kg1 Rf1+ 41.Kg2 R1f2+ 42.Kg1 Rf1+
43.Kg2 R4f2+ 44.Kg3 Nh5+ 45.Kh4 Rf4+ 46.Ng4 Nf6 47.Raa8 Nxg4 48.Rxf8+ Kh7
49.Rh8+ Kg6 50.Ne2 R4f2 51.Ng3 Rg1 52.Ra6+ Nf6 53.Nh5 Rf5 54.Rxf6+ Rxf6 55.Nxf6 Kxf6
56.Rb8 g6 57.a4 Ke5 58.a5 Ra1 59.b4 Ra3 60.Rb6 Kf4  0-1

[Event "London Lloyds"]
[Site "London"]
[Date "1993.??.??"]
[Round "10"]
[White "Summerscale, Aaron"]
[Black "Levitt, Jonathan"]
[Result "0-1"]
[WhiteElo "2355"]
[BlackElo "2455"]

1.Nf3 d5 2.g3 c6 3.Bg2 Nf6 4.O-O Bf5 5.d3 e6 6.Nbd2 Be7 7.b3 h6 8.Bb2 O-O
9.c4 Bh7 10.Rc1 a5 11.a3 Nbd7 12.Qc2 Bd6 13.cxd5 exd5 14.Rfe1 Qe7 15.Ra1 Rfe8
16.Nd4 Nc5 17.Bh3 h5 18.Qc3 Ne6 19.Nf5 Bxf5 20.Bxf5 c5 21.Nf3 b5 22.e4 d4
23.Qc2 Bc7 24.b4 cxb4 25.axb4 Qxb4 26.Bxe6 fxe6 27.Qxc7 Qxb2 28.Ng5 Rf8 29.Qc6 Rae8
30.Rf1 e5 31.Rxa5 Qd2 32.Rxb5 Qxg5 33.f4 Qh6 34.Rxe5 Rxe5 35.fxe5 Qe3+ 36.Kh1 Qe2
37.Rf5 Rb8  0-1

[Event "Loosdorf op"]
[Site "Loosdorf"]
[Date "1993.??.??"]
[Round "4"]
[White "Loginov, Valery A"]
[Black "Lazarev, Vladimir"]
[Result "1-0"]
[WhiteElo "2505"]
[BlackElo "2440"]

1.Nf3 d5 2.g3 c6 3.Bg2 Bg4 4.c4 e6 5.cxd5 exd5 6.O-O Nd7 7.d3 Ngf6 8.Qc2 Bd6
9.e4 O-O 10.Nc3 Re8 11.h3 Bh5 12.Nh4 dxe4 13.dxe4 Nc5 14.Be3 a5 15.f4 Bf8
16.Kh1 Nfd7 17.e5 f6 18.Ne4 Na6 19.a3 Kh8 20.Bd4 Nc7 21.exf6 Nxf6 22.Nxf6 gxf6
23.Qf5 Qxd4 24.Qxh5 Qd7 25.Rad1 Qg7 26.g4 a4 27.g5 Ra5 28.Nf3 Re2 29.Ne5 Rexe5
30.fxe5 Rxe5 31.h4 Ne6 32.Bh3 Nc5 33.gxf6 Rxh5 34.fxg7+ Kxg7 35.Rg1+ Kh6
36.Rd4 Be7 37.Rgg4 Bf6 38.Rd6 Rf5 39.Rc4  1-0

[Event "Loosdorf op"]
[Site "Loosdorf"]
[Date "1993.??.??"]
[Round "6"]
[White "Loginov, Valery A"]
[Black "Gleizerov, Evgeny"]
[Result "1/2-1/2"]
[WhiteElo "2505"]
[BlackElo "2525"]

1.Nf3 d5 2.g3 g6 3.Bg2 Bg7 4.c4 e6 5.O-O Ne7 6.d4 Nbc6 7.e3 O-O 8.Qe2 b6
9.cxd5 exd5 10.Bd2 a5  1/2-1/2

[Event "Loosdorf op"]
[Site "Loosdorf"]
[Date "1993.??.??"]
[Round "7"]
[White "Wirius, Stefan"]
[Black "Honfi, Karoly"]
[Result "1/2-1/2"]
[WhiteElo "2240"]
[BlackElo "2365"]

1.Nf3 d5 2.g3 e6 3.Bg2 Nf6 4.O-O Be7 5.d3 O-O 6.Nbd2 c5 7.e4 Nc6 8.e5 Ne8
9.Nb3 a5 10.a4 b6 11.Re1 Ba6 12.h4 Rc8 13.c3 d4 14.c4 Nb4 15.Bf4 Bb7 16.Nc1 Qd7
17.Na2 Nxa2 18.Rxa2 Nc7 19.b3 Na6 20.Rd2 Rce8 21.Nh2 Bxg2 22.Kxg2 Kh8 23.Qg4 Bd8
24.Nf3 Qc6 25.Kg1 f5 26.exf6 gxf6 27.Rde2 e5 28.Bh6 Rg8 29.Qf5 Qe6 30.Qxe6 Rxe6
31.Bd2 h5 32.Kg2 Nb8 33.Kh3 Nc6 34.Nh2 f5 35.f4 Rge8 36.fxe5 Bc7 37.Nf3 Kg8
38.Bf4 Nb4 39.Rd2 Nc6 40.Kg2 R6e7 41.Rde2 Nb4 42.Rd2 Nc6 43.Kf1 Re6 44.Rde2 Nb4
45.Rd1 Nc6 46.Kg2 Kg7  1/2-1/2

[Event "California op"]
[Site "Los Angels"]
[Date "1993.??.??"]
[Round "?"]
[White "Leski, Marc"]
[Black "Arne, Mike"]
[Result "1-0"]
[WhiteElo "2430"]
[BlackElo "2400"]

1.Nf3 d5 2.g3 Nf6 3.Bg2 c6 4.O-O Bg4 5.d3 e6 6.Nbd2 Be7 7.e4 Nbd7 8.h3 Bxf3
9.Qxf3 O-O 10.Qe2 Qc7 11.f4 dxe4 12.Nxe4 Nxe4 13.Qxe4 Nf6 14.Qe2 Bc5+ 15.Kh2 Rad8
16.Bd2 Rfe8 17.Rae1 Qb6 18.b4 Bd6 19.a4 Qc7 20.d4 Qe7 21.Qc4 Nd5 22.Rb1 a6
23.Rfe1 Qf6 24.Re2 Rc8 25.Qd3 Red8 26.c4 Ne7 27.Bc3 Qh6 28.c5 Bb8 29.b5 axb5
30.axb5 Nf5 31.Re4 Rd5 32.bxc6 bxc6 33.Qa6 Rf8 34.Qxc6 g5 35.Rxe6 Qxe6 36.Qxd5 gxf4
37.Qxe6 fxe6 38.d5 Nxg3 39.d6 Ne2 40.Be5 Ba7 41.Rb7 Rf7 42.d7  1-0

[Event "Lublin"]
[Site "Lublin"]
[Date "1993.??.??"]
[Round "?"]
[White "Zolnierowicz, Krzysztof"]
[Black "Murdzia, Piotr"]
[Result "0-1"]
[WhiteElo "2355"]
[BlackElo "2365"]

1.Nf3 d5 2.g3 c6 3.Bg2 Bg4 4.b3 Nf6 5.Bb2 e6 6.O-O Nbd7 7.d3 Bc5 8.Nbd2 Qe7
9.a3 a5 10.c4 O-O 11.Re1 Rfd8 12.e4 dxe4 13.Nxe4 Nxe4 14.Rxe4 Bh5 15.d4 Nf6
16.Re1 Rd7 17.Qd2 Bxf3 18.Bxf3 Rad8 19.Qxa5 Bxd4 20.Bxd4 Rxd4 21.Rad1 g6
22.Rxd4 Rxd4 23.Kg2 h5 24.Qb6 Rd3 25.a4 e5 26.Rd1 Rxd1 27.Bxd1 c5 28.a5 Kg7
29.a6 bxa6 30.Qxa6 Qd7 31.Qa1 Qd3 32.Qc1 e4 33.Qc2 Qd4 34.Be2 Nd7 35.Qd1 Qxd1
36.Bxd1 Kf6 37.f3 Ke5 38.fxe4 Kxe4 39.Bf3+ Ke3 40.Bd5 f6 41.Be6 Ne5 42.h3 Kd4
43.Kf2 Kc3 44.Ke3 Kxb3 45.g4 hxg4 46.hxg4 Kc3 47.Kf4 Kd4 48.g5 f5 49.Bxf5 gxf5
50.Kxf5 Nf3  0-1

[Event "POL-ch (Women)"]
[Site "Lublin"]
[Date "1993.??.??"]
[Round "13"]
[White "Tust, Dominika"]
[Black "Pilarska, Czeslawa"]
[Result "0-1"]
[WhiteElo "2105"]
[BlackElo "2170"]

1.Nf3 d5 2.g3 c5 3.Bg2 Nc6 4.d3 Nf6 5.Nbd2 e6 6.e4 Be7 7.O-O O-O 8.Re1 b5
9.e5 Nd7 10.c3 a5 11.d4 b4 12.Nf1 a4 13.h4 a3 14.bxa3 bxc3 15.Ne3 cxd4 16.Nc2 Bc5
17.Bf1 Ba6 18.Bxa6 Rxa6 19.Qd3 Ra4 20.Ng5 g6 21.Nf3 Qa8 22.Bh6 Rb8 23.Rad1 Rb2
24.Bf4 Qa6 25.Qxa6 Rxa6 26.Nfxd4 Nxd4 27.Nxd4 c2 28.Rd2 c1=Q 29.Rxc1 Rxd2
30.Bxd2 Bxd4 31.Bh6 Ra8 32.a4 Nxe5 33.a5 Nc4 34.Rb1 Nxa5  0-1

[Event "POL-chT"]
[Site "Lubniewice"]
[Date "1993.??.??"]
[Round "?"]
[White "Schmidt, Wlodzimierz"]
[Black "Gdanski, Jacek"]
[Result "1/2-1/2"]
[WhiteElo "2440"]
[BlackElo "2485"]

1.Nf3 d5 2.g3 c6 3.Bg2 Bg4 4.b3 Nd7 5.Bb2 Ngf6 6.O-O e6 7.c4 Bd6 8.d4 O-O
9.Ne5 Bh5 10.Nd2 Bc7 11.Ndf3 Nxe5 12.Nxe5 Nd7 13.Nxd7 Qxd7  1/2-1/2

[Event "Wch Team"]
[Site "Luzern"]
[Date "1993.??.??"]
[Round "7"]
[White "Vaganian, Rafael A"]
[Black "Serper, Grigory"]
[Result "1/2-1/2"]
[WhiteElo "2615"]
[BlackElo "2575"]

1.Nf3 d5 2.g3 c5 3.Bg2 Nc6 4.d4 e6 5.O-O Nf6 6.c4 dxc4 7.Ne5 Bd7 8.Na3 cxd4
9.Naxc4 Bc5 10.Qb3 O-O 11.Qxb7 Nxe5 12.Nxe5 Rb8 13.Qf3 Bd6 14.Nxd7 Qxd7 15.Bg5 Be5
16.Rab1 h6 17.Bf4 Bxf4 18.Qxf4 Rfe8 19.Rfc1 e5 20.Qd2 Rec8 21.Rxc8+ Rxc8
22.Rc1 Rxc1+ 23.Qxc1 e4 24.Qd2 Qd5 25.Qc2 g6 26.b4 Kg7 27.h3 d3 28.Qd2 Qc4
29.exd3 exd3 30.Bf1 Ne4 31.Qe3 Qxb4 32.Bxd3 Nc5 33.Qe5+ Kg8  1/2-1/2

[Event "Wch Team"]
[Site "Luzern"]
[Date "1993.??.??"]
[Round "8"]
[White "Kengis, Edvins"]
[Black "Nenashev, Alexander"]
[Result "1/2-1/2"]
[WhiteElo "2560"]
[BlackElo "2580"]

1.Nf3 d5 2.g3 c6 3.Bg2 Bg4 4.b3 Nd7 5.Bb2 Qc7 6.c4 dxc4 7.bxc4 e5 8.O-O Ngf6
9.d3 e4 10.dxe4 Nxe4 11.Nbd2 Nec5 12.Nb3 Ne6 13.Qc2 Be7 14.Rad1 Bxf3 15.exf3 O-O
16.f4 Rfe8 17.Bh3 Bf6 18.Ba3 Rad8 19.Bd6 Qc8 20.c5 b6 21.Rfe1 bxc5 22.Bxe6 Rxe6
23.Rxe6 fxe6 24.Qe2 Kh8 25.Bxc5 e5 26.Bxa7 exf4 27.gxf4 Re8 28.Qg4 Nf8 29.Qxc8 Rxc8
30.f5 Ra8 31.Bc5 Kg8 32.a3 Kf7 33.Rd3 Ke8 34.Bxf8 Kxf8 35.Nc5 Be7 36.Nd7+  1/2-1/2

[Event "Wch Team"]
[Site "Luzern"]
[Date "1993.??.??"]
[Round "9"]
[White "Nenashev, Alexander"]
[Black "Brunner, Lucas"]
[Result "1-0"]
[WhiteElo "2580"]
[BlackElo "2475"]

1.Nf3 d5 2.g3 g6 3.Bg2 Bg7 4.O-O e5 5.d3 Ne7 6.e4 O-O 7.Nbd2 Nbc6 8.c3 a5
9.b3 h6 10.a3 Be6 11.Bb2 f5 12.exd5 Bxd5 13.Re1 Bf7 14.Nc4 Bxc4 15.bxc4 a4
16.Rb1 Qd7 17.d4 e4 18.Nd2 Kh7 19.Bc1 Na5 20.f3 exf3 21.Nxf3 Rfe8 22.Rb4 c5
23.dxc5 Qxd1 24.Rxd1 Bxc3 25.Rxa4 Rad8 26.Rd6 Nec6 27.Bd2 Bxd2 28.Nxd2 Kg7
29.Kf2 Rb8 30.Nf3 Rbd8 31.Nd4 Rxd6 32.cxd6 Nxd4 33.Rxa5 b6 34.Rd5 Ne6 35.d7 Rd8
36.Rd6 Nc5 37.Bc6 Kf7 38.Ke3 g5 39.Rxh6 Nxd7 40.Bxd7 Rxd7  1-0

[Event "Madrid-B"]
[Site "Madrid"]
[Date "1993.??.??"]
[Round "?"]
[White "Danailov, Silvio"]
[Black "Roa Alonso, Santiago"]
[Result "1/2-1/2"]
[WhiteElo "2440"]
[BlackElo "2330"]

1.Nf3 d5 2.g3 Nf6 3.Bg2 c6 4.O-O Bg4 5.b3 e6 6.Bb2 Nbd7 7.d3 a5 8.a3 Be7
9.Nbd2 O-O 10.e4 b5 11.h3 Bh5 12.Qe1 Qb6 13.Kh1 a4 14.b4 c5 15.e5 Ne8 16.bxc5 Bxc5
17.Rb1 Rc8 18.Qe2 Qa5 19.c3 Be7 20.g4 Bg6 21.Ne1 Nc7 22.f4 f5 23.Nc2 Qb6
24.Ba1 Nc5 25.g5 Qc6 26.Bf3 Qd7 27.Nb4 N5a6 28.Rfc1 Nxb4 29.cxb4 Na6 30.Bd4 Rxc1+
31.Rxc1 Rc8 32.Qd1 Rc6 33.Nb1 Be8 34.Nc3 Bd8 35.Ne2  1/2-1/2

[Event "Makarska"]
[Site "Makarska"]
[Date "1993.??.??"]
[Round "?"]
[White "Dizdar, Goran"]
[Black "Videki, Sandor"]
[Result "1-0"]
[WhiteElo "2490"]
[BlackElo "2415"]

1.Nf3 d5 2.g3 c6 3.Bg2 Bg4 4.c4 dxc4 5.Na3 Qd5 6.O-O Nd7 7.Qc2 Nb6 8.b3 cxb3
9.axb3 e5 10.Bb2 Be6 11.Nxe5 Qxb3 12.Qxb3 Bxb3 13.Nxc6 Bd5 14.Na5 Bxg2 15.Kxg2 Rd8
16.d3 Rd7 17.N5c4 Nf6 18.Bxf6 gxf6 19.Nxb6 axb6 20.Nc4 b5 21.Nb6 Rd6 22.Ra8+ Rd8
23.Ra5 b4 24.Rb1 Bd6 25.Rb5 O-O 26.Nd5 Kg7 27.Nxb4 Rd7 28.Nd5 Rb8 29.Kf3 Be5
30.Nb6 Rc7 31.Nd5 Rd7 32.Nb6 Rc7 33.Nc4 Bd4 34.e3 Bc5 35.Rc1 Be7 36.Rbb1 Bc5
37.Na5 b6 38.Nc4 Rd8 39.Rb3 Rc6 40.Nd2 Rb8 41.Rbc3 Re6  1-0

[Event "Manresa op"]
[Site "Manresa"]
[Date "1993.??.??"]
[Round "3"]
[White "Spassov, Liuben"]
[Black "Perez, Juli"]
[Result "1/2-1/2"]
[WhiteElo "2430"]
[BlackElo "2255"]

1.Nf3 d5 2.g3 Nf6 3.Bg2 c6 4.O-O Bg4 5.c4 Nbd7 6.d3 e6 7.b3 a5 8.a3 b5 9.cxb5 cxb5
10.Bf4 Bxf3 11.Bxf3 b4 12.e4 dxe4 13.dxe4 e5 14.Bg5 Bc5 15.axb4 axb4 16.Nd2 O-O
17.Nc4 Bd4 18.Rxa8 Qxa8 19.Bd2 Rb8 20.Qc2 Qa7 21.Be3 Qc5 22.Qb1 Rc8 23.Bxd4 Qxd4
24.Rd1 Qc5 25.Qa1 h6 26.Kg2 Qc7 27.Qa4 Nc5 28.Qxb4 Rb8 29.Qc3 Rxb3 30.Qxe5 Qxe5
31.Nxe5 Nfxe4 32.Rd4  1/2-1/2

[Event "Mar del Plata op"]
[Site "Mar del Plata"]
[Date "1993.??.??"]
[Round "3"]
[White "Fiorito, Fabian"]
[Black "Hernandez Penna, Sabina"]
[Result "1-0"]
[WhiteElo "2425"]
[BlackElo "2075"]

1.Nf3 d5 2.g3 Nf6 3.Bg2 Bf5 4.O-O e6 5.d3 h6 6.Nbd2 Be7 7.b3 O-O 8.Bb2 Bh7
9.e3 c5 10.Ne5 Nc6 11.Nxc6 bxc6 12.e4 Rb8 13.Qe2 Re8 14.f4 a5 15.a4 Qc8 16.Kh1 Bd8
17.g4 Qa6 18.g5 hxg5 19.fxg5 Nxe4 20.Nxe4 dxe4 21.Bxe4 Bxe4+ 22.Qxe4 Bxg5
23.Bxg7 Kxg7 24.Rxf7+ Kxf7 25.Qh7+ Kf6 26.Rf1+ Ke5 27.Qc7+ Kd4 28.Qd6+ Kc3
29.Qxc5+ Kb2 30.Qxg5 e5 31.Qd2 Qa7 32.c4+ Kxb3 33.Rb1+  1-0

[Event "Pirc mem"]
[Site "Maribor"]
[Date "1993.??.??"]
[Round "?"]
[White "Barle, Janez"]
[Black "Gostisa, Leon"]
[Result "1/2-1/2"]
[WhiteElo "2445"]
[BlackElo "2460"]

1.Nf3 d5 2.g3 c6 3.Bg2 Bg4 4.c4 e6 5.O-O Nd7 6.cxd5 exd5 7.h3 Bh5 8.d3 Bd6
9.Nc3 Ne7 10.Be3 O-O 11.Rc1 Bxf3 12.Bxf3 Nf6 13.Bg5 Ng6 14.d4 Re8 15.Bg2 Be7
16.Bxf6 Bxf6 17.e3 Be7 18.Rb1 a5 19.a3 Bd6 20.b4 axb4 21.axb4 Ra3 22.Qc1 Qa8
23.b5 Qa5 24.Ne2 Ra4 25.bxc6 Rc4 26.Qb2 bxc6 27.Ra1 Qc7 28.Rfc1 Rb8 29.Qd2 Rxc1+
30.Qxc1 Ne7 31.Nc3 h6 32.Qc2 Qb6 33.Rb1  1/2-1/2

[Event "Marostica op"]
[Site "Marostica"]
[Date "1993.??.??"]
[Round "3"]
[White "Jurkovic, Hrvoje"]
[Black "Golubovic, Boris"]
[Result "1/2-1/2"]
[WhiteElo "2240"]
[BlackElo "2305"]

1.Nf3 d5 2.g3 Nf6 3.b3 Bg4 4.Bg2 c6 5.Bb2 Nbd7 6.O-O e6 7.c4 Bd6 8.d4 O-O
9.Nbd2 Bxf3 10.Nxf3 Qe7 11.Qc2 Ba3 12.Bxa3 Qxa3 13.Nd2 b5 14.e4 bxc4 15.bxc4 Rab8
16.Rab1 dxe4 17.Nxe4 c5 18.d5 exd5 19.Nxf6+ Nxf6 20.cxd5 Rxb1 21.Rxb1 Rd8
22.Qc4 Ne8 23.Rc1 g6 24.Qxc5 Qxa2 25.Qe7 Qa5 26.h4 Nd6  1/2-1/2

[Event "Martinez Valle op2"]
[Site "Martinez Valle"]
[Date "1993.??.??"]
[Round "3"]
[White "Biaggi, Eduardo"]
[Black "Ricardi, Pablo"]
[Result "0-1"]
[WhiteElo "2280"]
[BlackElo "2480"]

1.Nf3 d5 2.g3 g6 3.Bg2 Bg7 4.O-O e5 5.d3 Ne7 6.e4 O-O 7.c3 c5 8.Nbd2 d4 9.cxd4 cxd4
10.Nc4 Nec6 11.a4 Na6 12.Ne1 f5 13.exf5 Bxf5 14.f4 Be6 15.Nf3 e4 16.Ng5 Bxc4
17.dxc4 e3 18.Re1 Nc5 19.b4 Nxb4 20.Ba3 a5 21.Bxb4 axb4 22.Bd5+ Kh8 23.Nf3 d3
24.Rxe3 Bxa1 25.Qxa1+ Qf6 26.Ne5 Rxa4 27.Qd4 b3 28.g4 d2 29.Qxd2 Ra1+ 30.Kg2 Ra2  0-1

[Event "Melbourne"]
[Site "Melbourne"]
[Date "1993.??.??"]
[Round "3"]
[White "Hacche, David"]
[Black "Sarapu, Ortvin"]
[Result "1/2-1/2"]
[WhiteElo "2260"]
[BlackElo "2300"]

1.Nf3 d5 2.g3 c5 3.Bg2 Nc6 4.c4 dxc4 5.O-O Nf6 6.Qa4 Bd7 7.Qxc4 e6 8.d3 Rc8
9.Bg5 h6 10.Bd2 Be7 11.Qb3 O-O 12.Nc3 b6 13.Bf4 Nh5 14.Be3 e5  1/2-1/2

[Event "AUS-ch op"]
[Site "Melbourne"]
[Date "1993.??.??"]
[Round "4"]
[White "Laird, Craig"]
[Black "Wohl, Aleksandar H"]
[Result "1-0"]
[WhiteElo "2270"]
[BlackElo "2370"]

1.Nf3 d5 2.g3 g6 3.d4 Bg7 4.Bg2 c6 5.O-O Nh6 6.c4 dxc4 7.Na3 b5 8.Ne5 Qb6
9.b3 Nf5 10.Bb2 cxb3 11.Qxb3 O-O 12.d5 a6 13.dxc6 Be6 14.Bd5 Bxd5 15.Qxd5 Ra7
16.Rac1 Rc7 17.e4 Nd6 18.Bd4 Qa5 19.Nac4 Qa4 20.Nxd6 exd6 21.Qxd6 Rfc8 22.Rfd1 Qxa2
23.Ng4 Qe6 24.Qf4 Rxc6 25.Rxc6 Nxc6 26.Bxg7 Kxg7 27.Rd6 Qc4 28.Qh6+ Kh8 29.Nf6 Qc1+
30.Qxc1  1-0

[Event "Minsk-B"]
[Site "Minsk"]
[Date "1993.??.??"]
[Round "10"]
[White "Yandemirov, Valeri"]
[Black "Botvinnik, Ilia"]
[Result "1/2-1/2"]
[WhiteElo "2465"]
[BlackElo "2395"]

1.Nf3 d5 2.g3 Nf6 3.Bg2 e6 4.O-O Be7 5.d3 c5 6.Nbd2 Nc6 7.e4 b5 8.Re1 b4
9.a3 bxa3 10.bxa3 O-O 11.h4  1/2-1/2